书目信息 |
| 题名: |
健康食品与生物科学
|
|
| 作者: | 宋发红 编 | |
| 分册: | ||
| 出版信息: | 郑州 黄河水利出版社 2016 |
|
| 页数: | 161页 | |
| 开本: | 24cm | |
| 丛书名: | 现代科普博览丛书 | |
| 单 册: | ||
| 中图分类: | TS2-49 , TS201.3-49 , TS2 | |
| 科图分类: | ||
| 主题词: | 绿色食品--普及读物 , 食品微生物--微生物学--普及读物 | |
| 电子资源: | ||
| ISBN: | 978-7-5509-1498-8 | |
| 000 | 00900oam2 2200277 450 | |
| 001 | 2354360869 | |
| 005 | 20231128220716.80 | |
| 010 | @a978-7-5509-1498-8@dCNY39.90 | |
| 100 | @a20181129d2016 em y0chiy50 ea | |
| 101 | 0 | @achi |
| 102 | @aCN@b410000 | |
| 105 | @aa z 000yy | |
| 200 | 1 | @a健康食品与生物科学@Ajian kang shi pin yu sheng wu ke xue@f宋发红编 |
| 210 | @a郑州@c黄河水利出版社@d2016 | |
| 215 | @a161页@c图@d24cm | |
| 225 | 1 | @a现代科普博览丛书 |
| 330 | @a本书介绍了绿色健康食品的要求和特点,并从食品的营养价值方面教会我们怎样选择食品才健康,另外又纠正了错误的饮食习惯以及怎么辨别产品。 | |
| 410 | 0 | @12001 @a现代科普博览丛书 |
| 606 | 0 | @a绿色食品@j普及读物 |
| 606 | 0 | @a食品微生物@x微生物学@j普及读物 |
| 690 | @aTS2-49@v5 | |
| 690 | @aTS201.3-49@v5 | |
| 690 | @aTS2@v4 | |
| 701 | 0 | @a宋发红@Asong fa hong@4编 |
| 801 | 0 | @aCN@b91MARC@c20181129 |
| 905 | @aZUCC@dTS2@e97 | |
| 健康食品与生物科学/宋发红编.-郑州:黄河水利出版社,2016 |
| 161页:图;24cm.-(现代科普博览丛书) |
| ISBN 978-7-5509-1498-8:CNY39.90 |
| 本书介绍了绿色健康食品的要求和特点,并从食品的营养价值方面教会我们怎样选择食品才健康,另外又纠正了错误的饮食习惯以及怎么辨别产品。 |
| ● |
| 相关链接 |
|
|
|
正题名:健康食品与生物科学
索取号:TS2/97
 
预约/预借
| 序号 | 登录号 | 条形码 | 馆藏地/架位号 | 状态 | 备注 |
| 1 | 2001009763 | 2001009763 | 214主题书屋/四28架B面4层6列/ [索取号:TS2/97] | 在馆 | |
| 2 | 2001009764 | 2001009764 | 214主题书屋/四28架B面4层6列/ [索取号:TS2/97] | 在馆 | |
| 3 | 2001009765 | 2001009765 | 214主题书屋/四28架B面4层6列/ [索取号:TS2/97] | 在馆 | |
| 4 | 2001009766 | 2001009766 | 214主题书屋/四28架B面4层6列/ [索取号:TS2/97] | 在馆 | |
| 5 | 2001009767 | 2001009767 | 214主题书屋/四28架B面4层6列/ [索取号:TS2/97] | 在馆 | |
| 6 | 2001009768 | 2001009768 | 214主题书屋/四28架B面4层6列/ [索取号:TS2/97] | 在馆 |